000 00472nam a22001817a 4500
003 CEME
005 20210628210738.0
008 210212b xxu||||| |||| 00| 0 eng d
020 _a0-19-852399-8
040 _c.
082 _a519.2 STO
100 _aZachar Kelly, F.Py, S Ziedins, I
_980812
245 _aStochastic networks theory and applications
260 _aOXFORD
_bCLARENDON PRESS
_c1996
300 _aXII,367P
650 _aSTATISTICS
_969
942 _cBK
_2ddc
999 _c585681
_d585681